| 000 | 01238nam a2200313 c 4500 | ||
|---|---|---|---|
| 003 | BLK | ||
| 005 | 20180422105249.0 | ||
| 008 | 180409b bul|||||r ||||||| ||bul|| | ||
| 010 | _aKNG00104399000 | ||
| 020 |
_a954-607-422-5 _bиздат.: ЛИК |
||
| 040 | _aBLK | ||
| 041 |
_aBUL _cBUL |
||
| 080 |
_aФренска литература _b821.133.1 _x-1 _z821.133.1-1 |
||
| 100 | 1 |
_aУайт, Кенет _eпърви автор _9250307 |
|
| 700 | 1 |
_aКънчев, Николай _eподб. и прев. _gХристов, Николай Кънчев _9363507 |
|
| 139 |
_aУайт, Кенет _bУ 14 |
||
| 245 | 1 | 0 |
_aБреговете на мълчанието _bСтихотворения _cКенет Уайт; подб. и прев. Николай Кънчев. |
| 257 | _aFRA | ||
| 260 |
_аСофия _bЛИК _c2001 |
||
| 300 |
_a156 с. _c20 см |
||
| 380 | _aX | ||
| 500 | _aПрев. по En toute candeur ; Mahamudra, le grand geste ; Le Grand Rivage ; Les rives du silence ; Limites et marges / Kenneth White. - Офс. изд. | ||
| 653 | _aстихотворения | ||
| 852 | _aЦб 213214 | ||
| 856 | 4 |
_qpdf _u |
|
| 856 | 4 |
_qpdf _u |
|
| 942 |
_cKNG _n0 |
||
| 944 |
_aCR _c01.01.2001 _kЛюдмила_Стоянова |
||
| 944 |
_aED _c13.05.2004 _k |
||
| 999 |
_c99395 _d99395 |
||